00897cam a22002654a 450000100090000000300040000900500170001300800410003001000170007102000280008802000180011604000180013404200080015205000210016008200220018110000300020324500410023325000120027426000590028630000510034550400510039665000200044785600760046785600880054313598288OSt20221029112055.0040519s2004 ne a b 001 0 eng  a 2004011924 a0120445654 (alk. paper) a9788131206393 aDLCcDLCdDLC apcc00aSB731b.A35 200500a571.92222bAGR/P1 aAgrios, George N.,d1936-10aPlant pathology /cGeorge N. Agrios. a5th ed. aAmsterdam ;aBoston :bElsevier Academic Press,c2005. axxiii, 922 p. :bill. (chiefly col.) ;c29 cm. aIncludes bibliographical references and index. 0aPlant diseases.413Table of contentsuhttp://www.loc.gov/catdir/toc/els051/2004011924.html423Publisher descriptionuhttp://www.loc.gov/catdir/description/els051/2004011924.html